| 000 | 01408nam a22003617a 4500 | ||
|---|---|---|---|
| 005 | 20240530110452.0 | ||
| 008 | 150516s2011 ua g 000 0 ara d | ||
| 017 |
_a338 _bمصر . دار الكتب المصرية |
||
| 040 | _aEG-CaGPL | ||
| 082 | 0 | 4 |
_221 _a940\ _bع أ |
| 100 | 1 | _aعبدالعزيز محمد الشناوى . | |
| 245 | 1 | 0 |
_aاوروبا فى مطلع العصور الحديثة / _cتاليف عبدالعزيز محمد الشناوى . _nالجزء الاول. |
| 250 | _aط4. | ||
| 260 |
_aالقاهرة : _bمكتبة الانجلو المصرية ، _c2011. |
||
| 300 |
_a464 ص ؛ _c24 سم. |
||
| 600 | 0 | _aتوماس مور . | |
| 600 | 0 | _aنيقولا مكيافيلى . | |
| 650 | 0 | 4 | _aالكشوف الجغرافية . |
| 650 | 0 | 4 |
_aحركة كلفن _zسويسرا . |
| 650 | 0 | 4 |
_aحركة زونجلى _zسويسرا . |
| 650 | 0 | 4 | _aصلح اوجزبرج . |
| 650 | 0 | 4 | _aحركة مارتن لوثر . |
| 650 | 0 | 4 | _aمعركة اجناديل . |
| 650 | 0 | 4 | _aمعاهدة غرناطة . |
| 650 | 0 | 4 | _aالكنيسة الكاثوليكية . |
| 650 | 0 | 4 | _aالحروب الايطالية . |
| 651 | 0 | 4 | _aاوربا . |
| 651 | 0 | 4 |
_aالمانيا _xالحروب الاهلية . |
| 651 | 0 | 4 |
_aاوربا _xتاريخ _yعصر النهضة . |
| 651 | 0 | 4 |
_aاوربا _xتاريخ . |
| 942 |
_2ddc _cBK |
||
| 999 |
_c61276 _d61276 |
||